[Event "FRA-chT4 Ligue Bretagne 0102"]
[Site "Bretagne"]
[Date "2002.02.03"]
[Round "5"]
[White "Wach, Thierry"]
[Black "Le Gall, Thierry"]
[Result "0-1"]
[WhiteElo "1410"]
[BlackElo "1690"]
[PlyCount "52"]
[EventDate "2001.10.??"]
[EventType "team"]
[EventRounds "7"]
[EventCountry "FRA"]
[SourceTitle "EXT 2008"]
[Source "ChessBase"]
[SourceDate "2007.11.25"]
[SourceVersion "1"]
[SourceVersionDate "2007.11.25"]
[SourceQuality "1"]

1. e4 d5 2. exd5 Qxd5 3. Nc3 Qa5 4. d4 Nf6 5. Bc4 Bf5 6. Nge2 e6 7. 0-0 c6 8. a4 Nbd7 9. Bf4 Be7 10. Ng3 Bg6 11. Bd3 Bxd3 12. Qxd3 0-0 13. Nce4 Nxe4 14. Nxe4 Rad8 15. Qg3 Nf6 16. Nxf6+ Bxf6 17. Bc7 Qd2 18. Bxd8 Rxd8 19. Rfd1 Qxc2 20. Qc7 Qb3 21. Rd2 g6 22. h3 Kg7 23. Ra3 Qb4 24. Rdd3 Rxd4 25. Rxd4 Qe1+ 26. Kh2 Be5+ 0-1